Statistics for Supernatural Character Last Names

Click here to take the quiz!

General Stats

  • This quiz has been taken 1,373 times
  • The average score is 9 of 15

Answer Stats

CharacterLast Name% Correct
Dean, SamWinchester
99%
BobbySinger
90%
KevinTran
81%
MegMasters
67%
DickRoman
65%
JoHarvelle
62%
BelaTalbot
60%
ChuckShurley
56%
SamuelCampbell
52%
CharlieBradbury
51%
JessicaMoore
42%
AnnaMilton
37%
LisaBraeden
33%
RufusTurner
32%
BennyLaFitte
30%

Score Distribution

Percentile by Number Answered

Percent of People with Each Score

Your Score History

You have not taken this quiz